| 000 | 00571nam a2200181Ia 4500 | ||
|---|---|---|---|
| 008 | 100920s9999 xx 000 0 und d | ||
| 082 |
_b100522 _a200 न 07 |
||
| 100 | _aकुंटे जगन्नाथ. | ||
| 245 | _aसाधनामस्त. | ||
| 260 |
_bप्राजक्त प्रकाशन पुणे. _c2007 |
||
| 300 |
_a256 _bसाधी |
||
| 365 | _b220 | ||
| 520 | _aधार्मिक. | ||
| 630 | _aसाधनामस्त. | ||
| 650 | _aधार्मिक. | ||
| 730 | _aसाधनामस्त. | ||
| 942 | _cBOOK | ||
| 999 |
_c740960 _d740957 |
||